Občan by mal byť pre dva rôzne úrady tou istou osobou

Realizácia Koncepcie registra obyvateľov SR si vyžiada 2 roky. Register obyvateľstva tvoria dva druhy údajov: údaje o osobnom stave občanov eviduje matrika, miesto pobytu eviduje ohlasovňa pobytov. Postupná informatizácia vyrieši problém neprepojenosti úradov.

Guardado en:
Detalles Bibliográficos
Autor principal: Lajčiaková, D.
Formato: Capítulo de libro
Lenguaje:eslovaco
Materias:
Etiquetas: Agregar Etiqueta
Sin Etiquetas, Sea el primero en etiquetar este registro!

MARC

LEADER 00000naa a2200000 4500
001 r020142
005 20230921074318.3
041 0 |a slo 
044 |a SK 
245 1 0 |a Občan by mal byť pre dva rôzne úrady tou istou osobou  |c D. Lajčiaková 
520 |a Realizácia Koncepcie registra obyvateľov SR si vyžiada 2 roky. Register obyvateľstva tvoria dva druhy údajov: údaje o osobnom stave občanov eviduje matrika, miesto pobytu eviduje ohlasovňa pobytov. Postupná informatizácia vyrieši problém neprepojenosti úradov. 
610 2 0 |a Slovensko 
610 2 0 |a registre 
610 2 0 |a obyvateľstvo 
610 2 0 |a osoby fyzické 
610 2 0 |a systémy počítačové 
610 2 0 |a správa štátna 
100 1 |a Lajčiaková, D.